书目信息 |
| 题名: |
最新大学英语四级考试词汇必备
|
|
| 作者: | 王迈迈 主编 | |
| 分册: | ||
| 出版信息: | 北京 中国致公出版社 2000 |
|
| 页数: | 517页 | |
| 开本: | 17cm | |
| 丛书名: | ||
| 单 册: | ||
| 中图分类: | H310.4 | |
| 科图分类: | ||
| 主题词: | 英语--词汇--解题--高等学校 , 英语 , 词汇 | |
| 电子资源: | ||
| ISBN: | 7-80096-565-1 | |
| 000 | 00774nam0 2200241 450 | |
| 001 | 1259606565 | |
| 005 | 20121012163421.04 | |
| 010 | @a7-80096-565-1@dCNY10.00 | |
| 100 | @a20010718d2000 em y0chiy0110 ea | |
| 101 | 0 | @achi@aeng |
| 102 | @aCN@b110000 | |
| 105 | @ay q 000yy | |
| 200 | 1 | @a最新大学英语四级考试词汇必备@Azui xin da xue ying yu si ji kao shi ci hui bi bei@e典型考题2000例详解@f王迈迈主编 |
| 210 | @a北京@c中国致公出版社@d2000 | |
| 215 | @a517页@d17cm | |
| 330 | @a本书主要根据教育部最新大纲的精神而编写,收录了新大纲全部四级的词汇及典型考题。 | |
| 606 | 0 | @a英语@x词汇@x解题@x高等学校 |
| 606 | 0 | @a英语 |
| 606 | 0 | @a词汇 |
| 690 | @aH310.4@v4 | |
| 701 | 0 | @a王迈迈@Awang mai mai@4主编 |
| 801 | 0 | @aCN@bNLC@c20101222 |
| 905 | @a10447@dH310.4@eJY363 | |
| 最新大学英语四级考试词汇必备:典型考题2000例详解/王迈迈主编.-北京:中国致公出版社,2000 |
| 517页;17cm |
| ISBN 7-80096-565-1:CNY10.00 |
| 本书主要根据教育部最新大纲的精神而编写,收录了新大纲全部四级的词汇及典型考题。 |
| ● |
| 相关链接 |
|
|
|
|
正题名:最新大学英语四级考试词汇必备
索取号:H310.4/JY363
 
预约/预借
| 序号 | 登录号 | 条形码 | 馆藏地/架位号 | 状态 | 备注 |
| 1 | 7821756 | 278217564 | 学院路分馆/ [索取号:H310.4/JY363] | 在馆 | |
| 2 | 7821757 | 278217573 | 学院路分馆/ [索取号:H310.4/JY363] | 在馆 | |
| 3 | 7821758 | 278217582 | 学院路分馆/ [索取号:H310.4/JY363] | 在馆 | |
| 4 | 7821759 | 278217591 | 学院路分馆/ [索取号:H310.4/JY363] | 在馆 |